000 00438pab a2200181 454500
008 180718b2011 xxu||||| |||| 00| 0 eng d
100 _aBanerjee, Sumanta
245 _aAnna Hazare, civil society and the state
260 _c2011
300 _ap.12-14.
362 _a3 Sep
650 _aCivil society
650 _aHazare, Anna
650 _aCorruption
773 _aEconomic and Political Weekly
908 _aN
909 _a93129
999 _c93129
_d93129